00633nam a2200169 i 450000100060000000300090000600500170001500700030003200800410003510000320007624500830010826000610019130000410025285200320029399900170032595201210034262401ES-MaACL20230906164647.0t|031120s1958 sp ||||1| spa d1 aFénykoevi, José.94926510aSendas incognitas y grandes trofeos de caza en Angola / cJosé Fénykövi. aMadrid : b[s.n., c1958] (fParaninfo Artes Gráficas) a399 p., 16 lám. : bil. ; c28 cm. aES-MaACLjC-15062 bR.42962 c62401d62401 00104070aATENEOMbATENEOMcFICHd2008-01-17eSCl0oC-15062p1065418r2023-02-23 00:00:00w2023-02-23yMONOGRAFIA